Did you say mathematics (Record no. 24157)

MARC details
000 -LEADER
fixed length control field 00253nam a2200109Ia 4500
082 ## - DEWEY DECIMAL CLASSIFICATION NUMBER
Classification number 051
Item number KHU
100 ## - MAIN ENTRY--AUTHOR NAME
Personal name KHURGIN, Y
245 #0 - TITLE STATEMENT
Title Did you say mathematics
260 ## - PUBLICATION, DISTRIBUTION, ETC. (IMPRINT)
Place of publication Moscow
Name of publisher Mir
Year of publication 1974
942 ## - ADDED ENTRY ELEMENTS (KOHA)
Koha item type Books
Holdings
Withdrawn status Lost status Damaged status Not for loan Home library Current library Date acquired Full call number Accession Number Koha item type
        RRII Library RRII Library 16/12/2021 051 KHU 04841 Books